[Event "Pic d'Anie op 3rd"]
[Site "Pic d'Anie"]
[Date "2006.08.11"]
[Round "6"]
[White "Brenneur, Gwendal"]
[Black "Ferrand, Sebastien"]
[Result "1/2-1/2"]
[WhiteElo "1670"]
[BlackElo "1897"]
[PlyCount "44"]
[EventDate "2006.08.07"]
[EventType "swiss"]
[EventRounds "7"]
[EventCountry "FRA"]
[SourceTitle "CBM 113 Extra"]
[Source "ChessBase"]
[SourceDate "2006.09.14"]
[SourceVersion "1"]
[SourceVersionDate "2006.09.14"]
[SourceQuality "1"]

1. e4 e5 2. Nf3 Nc6 3. d4 exd4 4. c3 dxc3 5. Nxc3 Bc5 6. Bc4 d6 7. 0-0 Nf6 8. Bg5 Be6 9. Bxe6 fxe6 10. Qb3 Qd7 11. Rad1 0-0 12. e5 Ng4 13. exd6 cxd6 14. Ne4 Qe8 15. Nxd6 Bxd6 16. Rxd6 Qh5 17. Qxe6+ Kh8 18. h4 Rae8 19. Qc4 h6 20. Bc1 Nge5 21. Nxe5 Nxe5 22. Qd4 Kh7 1/2-1/2

[Event "FRA-chT2 0405"]
[Site "France"]
[Date "2005.02.06"]
[Round "7.8"]
[White "Brenneur, Gwendal"]
[Black "Le Ruyet, Leopold"]
[Result "0-1"]
[WhiteElo "1440"]
[BlackElo "1900"]
[PlyCount "48"]
[EventDate "2004.10.10"]
[EventType "team"]
[EventRounds "11"]
[EventCountry "FRA"]
[SourceTitle "EXT 2006"]
[Source "ChessBase"]
[SourceDate "2005.11.24"]
[SourceVersion "1"]
[SourceVersionDate "2005.11.24"]
[SourceQuality "1"]
[WhiteTeam "Nantes"]
[BlackTeam "Sautron II"]
[WhiteTeamCountry "FRA"]
[BlackTeamCountry "FRA"]

1. e4 c5 2. Nf3 d6 3. d4 cxd4 4. Nxd4 Nf6 5. Nc3 a6 6. Bd3 Nc6 7. Nxc6 bxc6 8. 0-0 g6 9. Bg5 Bg7 10. Qd2 h6 11. Bf4 g5 12. Bg3 Nh5 13. Kh1 Nxg3+ 14. fxg3 0-0 15. Rae1 Rb8 16. b3 Qa5 17. Nb1 Qxa2 18. Qf2 a5 19. Bc4 e6 20. Be2 Qxc2 21. Bh5 Qxf2 22. Rxf2 Rxb3 23. Ref1 f5 24. exf5 exf5 0-1